| 000 | 00429nam a2200157Ia 4500 | ||
|---|---|---|---|
| 008 | 210716s2003 xx 000 0 und d | ||
| 020 | _a8120317106 | ||
| 041 | _aeng | ||
| 082 | _a621.3821 PANR | ||
| 100 | _aPandya, Raj | ||
| 245 | _aMobile and personal communication services and systems. | ||
| 250 | _a1 | ||
| 260 |
_aNew Delhi _bPrentice Hall of India PVt Ltd. _c2003 |
||
| 300 | _axvii,334 | ||
| 650 | _aComputer Networks | ||
| 999 |
_c186316 _d186316 |
||